| 000 | 00770nam a2200169 a 4500 | ||
|---|---|---|---|
| 008 | 120416s1966 ||||||||||||||||| || u | ||
| 050 | _aHF 1411 Mee | ||
| 100 | _aMeerhaeghe, Marcel AlfonsGilbert van | ||
| 245 | 1 | 0 | _aInternational economic institutions |
| 260 |
_aLondon _bLongmans _c1966 |
||
| 300 | _axx, 404 pages : illustrations | ||
| 350 | _a0.00 | ||
| 650 | 0 | _aECONOMICS | |
| 650 | 0 | _aINTERNATIONAL ECONOMIC RELATIONS--HANDBOOKS, MANUALS, E.T.C | |
| 995 |
_aANNEX COLLECTION (Main Library) _D0.00 _e102389 _FCBU-MAIN LIBRARY (Kitwe) _H2 _I0.00 _jHF 1411 Mee _M1 _UAVAILABLE _y005790 _ZAnnex Low-Usage Collection |
||
| 995 |
_aANNEX COLLECTION (Main Library) _D0.00 _e79377 _FCBU-MAIN LIBRARY (Kitwe) _H1 _I0.00 _jHF 1411 Mee _M2 _UAVAILABLE _y005791 _ZAnnex Low-Usage Collection |
||
| 999 |
_c77538 _d77538 |
||